| 000 | 01110nam a2200313 i 4500 | ||
|---|---|---|---|
| 003 | DO-SdBNP | ||
| 005 | 20240305115951.0 | ||
| 006 | a||||gr|||| 00| 0 | ||
| 007 | ta | ||
| 008 | 231019e1985 rd ac||| |||| 00| e spa d | ||
| 040 |
_aDO-SdBNP _bspa _cBNPHU _erda |
||
| 082 | 4 |
_222 _a920.72 _bM671G 1985 |
|
| 100 | 1 |
_aGalván, William, _d1953- _eautor _915983 |
|
| 245 | 1 | 0 |
_aMinerva Mirabal: _bhistoria de una heroína. / _cWilliam Galvan; presentación, Fernando Sánchez Martínez. |
| 250 | _a2da edición. | ||
| 264 | 1 |
_aSanto Domingo : _bUniversitaria - UASD, _c1985 |
|
| 300 |
_a359 páginas : _bIlustraciones, retratos ; _c21 cm. |
||
| 336 |
_2rdacontent _atexto _btxt |
||
| 337 |
_2rdamedia _asin mediación _bn |
||
| 338 |
_2rdacarrier _avolumen _bnc |
||
| 490 |
_aHistoria y Sociedad : _v8 |
||
| 500 | _aIncluye datos biográficos de la autora. | ||
| 500 | _aEn su 25 aniversario. | ||
| 590 | _aInventariado 2023 / MF | ||
| 700 | 2 |
_aSánchez Martínez, Fernando, _epresentación _97183 |
|
| 830 |
_nPublicaciones de la Universidad de Santo Domingo ; _p316 _984505 |
||
| 910 | _aMF | ||
| 942 |
_2ddc _cLBS1 |
||
| 999 |
_c55206 _d55206 |
||